[Event "Sherbrooke op-C"]
[Site "Sherbrooke"]
[Date "2008.05.24"]
[Round "2"]
[White "Belanger, Priscillia"]
[Black "Allard dos Santos, Alexandre"]
[Result "0-1"]
[WhiteElo "1068"]
[BlackElo "1208"]
[PlyCount "64"]
[EventDate "2008.05.23"]
[EventType "swiss"]
[EventRounds "5"]
[EventCountry "CAN"]
[SourceTitle "EXT 2011"]
[Source "ChessBase"]
[SourceDate "2010.11.26"]
[SourceVersion "1"]
[SourceVersionDate "2010.11.26"]
[SourceQuality "1"]

1. e4 e5 2. Nf3 Nc6 3. Nc3 Bc5 4. Bb5 d6 5. 0-0 f5 6. exf5 Bxf5 7. d3 Nf6 8. Bg5 0-0 9. Nd5 Kh8 10. Nxf6 gxf6 11. Bh6 Rg8 12. Nh4 Bg4 13. Qd2 f5 14. g3 Bh3 15. Rfe1 Qxh4 16. Bc4 Rg6 17. Be3 Nd4 18. Bxd4 Bxd4 19. c3 Bc5 20. b4 Bb6 21. a4 a6 22. a5 Ba7 23. Kh1 Qg5 24. Qxg5 Rxg5 25. Re2 c6 26. Be6 Re8 27. Bd7 Re7 28. f4 Rgg7 29. Bc8 exf4 30. Rxe7 Rxe7 31. gxf4 Re2 32. Rg1 Bg2+ 0-1

[Event "FICGS class G 000019 email"]
[Site "FICGS email"]
[Date "2008.01.22"]
[Round "1"]
[White "Allard dos Santos, Alexandre"]
[Black "Mach, Jiri"]
[Result "0-1"]
[WhiteElo "1200"]
[BlackElo "903"]
[PlyCount "28"]
[EventDate "2008.??.??"]
[EventType "tourn (corr)"]
[EventRounds "4"]
[SourceTitle "Corr 2022"]
[Source "ChessBase"]
[SourceDate "2021.10.24"]
[SourceVersion "1"]
[SourceVersionDate "2021.10.24"]
[SourceQuality "1"]

1. e4 e5 2. d4 exd4 3. Qxd4 Nc6 4. Qd1 Nf6 5. Bg5 Be7 6. Bxf6 Bxf6 7. Nf3 Bxb2 8. Nbd2 Bxa1 9. Qxa1 0-0 10. Bc4 d6 11. 0-0 Be6 12. Bxe6 fxe6 13. g3 b5 14. h4 Qd7 0-1